Sports Quiz

Random Sports or MLB Quiz

500 HR Hitters... In Order Quiz Stats

 Plays Quiz Updated May 8, 2018

Challenge
Share
Tweet
Embed
Score 0/27 Timer 05:00
2 Plays Today
Date Player % Correct
????
100%
????
82.2%
????
72.7%
????
71.8%
????
71.1%
????
70.4%
????
56.6%
????
56.3%
????
55.5%
????
54.4%
????
53.2%
????
52%
????
49.7%
????
49.4%
Date Player % Correct
????
47.8%
????
47.1%
????
47%
????
46.8%
????
45.4%
????
43.8%
????
37.2%
????
36.7%
????
35.3%
????
34.6%
????
30.2%
????
29.7%
????
28.7%

You're not logged in!

Compare scores with friends on all Sporcle quizzes.
OR
Log In

You Might Also Like...

Show Comments

Extras

Top Quizzes Today


Score Distribution

Your Account Isn't Verified!

In order to create a playlist on Sporcle, you need to verify the email address you used during registration. Go to your Sporcle Settings to finish the process.

Report this User

Report this user for behavior that violates our Community Guidelines.

Details: